000 00650nam a22001937a 4500
005 20250107104336.0
008 250107b |||||||| |||| 00| 0 eng d
020 _a978-1-57675-379-8
050 _aHD58.8 .C43 2007
_bC.1
100 _aHOLMAN, PEGGY
245 _aTHE CHANGE HANDBOOK
_bTHE DEFINITIVE RESOURCE ON TODAY'S BEST METHODS FOR ENGAGING WHOLE SYSTEMS
250 _a2ND. ED
260 _aSAN FRANCICO
_bBERRETT-KOEHLER PUBLISHERS
_c2007
300 _aXXIII, .P723
500 _aINCLUDES BIBLIOGRAPHICAL REFERENCES AND INDEX
650 _aORGANIZATIONAL CHANGE
700 _aPEGGY HOLMAN, TOM DEVANE AND STEVEN CADY
942 _2lcc
_cBK
999 _c214161
_d214161